Zákon č. 530/2003 Z.z. z 28. októbra 2003 o obchodnom registri a o zmene a doplnení niektorých zákonov
Úplné znenie zákona č. 530/2003 Z.z. ... a Komentár k novému zákonu o obchodnom registri.
Gespeichert in:
| 1. Verfasser: | |
|---|---|
| Format: | Buchkapitel |
| Sprache: | Slowakisch |
| Schlagworte: | |
| Tags: |
Keine Tags, Fügen Sie das erste Tag hinzu!
|
MARC
| LEADER | 00000naa$a2200000$$$4500 | ||
|---|---|---|---|
| 001 | 0006972 | ||
| 005 | 20231106065726.3 | ||
| 041 | 0 | |a slo | |
| 044 | |a SK | ||
| 245 | 1 | 0 | |a Zákon č. 530/2003 Z.z. z 28. októbra 2003 o obchodnom registri a o zmene a doplnení niektorých zákonov |c Vladimír Martišovič |
| 520 | |a Úplné znenie zákona č. 530/2003 Z.z. ... a Komentár k novému zákonu o obchodnom registri. | ||
| 610 | 2 | 0 | |a register obchodný |
| 610 | 2 | 0 | |a zákony |
| 610 | 2 | 0 | |a komentáre |
| 610 | 2 | 0 | |a Slovensko |
| 610 | 2 | 0 | |a 2003 |
| 100 | 1 | |a Martišovič, Vladimír | |